| 000 | 00691nam a22001697a 4500 | ||
|---|---|---|---|
| 999 |
_c14773 _d14773 |
||
| 008 | 191209b ||||| |||| 00| 0 eng d | ||
| 082 |
_22019 _aUT 1379 _bG67 |
||
| 100 |
_aGorgonio, Minna Allaine T. _940848 |
||
| 245 |
_aCommunity Participation in Cultural Tourism at Selected Barangays in Digos City/ _cMinna Allaine T. Gorgonio, Charlene Jane M. Simogan and Madelyn I. Geolagon |
||
| 260 |
_aDigos City _bUMDC _cJuly 2019 |
||
| 300 |
_a82pages _c30cm |
||
| 650 |
_aBusiness Administration _vTourism Management _xUndergraduate _940849 |
||
| 700 |
_aGorgonio, Minna Allaine T. _940848 |
||
| 700 |
_aSimogan, charlene Jane M. _940850 |
||
| 700 |
_aGeolagon, Madelyn I. _940851 |
||
| 942 |
_2ddc _cUT |
||